Tìm hiểu tình hình chuyển dịch cơ cấu cây trồng đem lại hiệu quả kinh tế cao ở huyện Duy Xuyên(Quảng Nam) từ năm 1997 đến 2005.Định hướng phát triển đến năm 2010.

Cơ sở lý luận chung ...Tình hình chuyển dịch cơ cấu cây trồng ở huyện Duy Xuyên (Quảng Nam) trong giai đoạn 1995- 2005...Định hướng phát triển các loại cây trồng đến năm 2010 và những biện pháp thực hiện...

Guardado en:
Detalles Bibliográficos
Autor principal: Nguyễn, Thúy Như Kiều
Otros Autores: Nguyễn, Duy Hòa Người hướng dẫn (Orientador)
Formato: Libro
Lenguaje:Vietnamese
Publicado: Đại học Sư Phạm Đại học Đà Nẵng 2008
Materias:
Etiquetas: Agregar Etiqueta
Sin Etiquetas, Sea el primero en etiquetar este registro!
Thư viện lưu trữ: Mạng thư viện Đại học Đà Nẵng
LEADER 01594nam a2200325 4500
001 000011458
003 7705
005 20120204150242.0
008 120204s2008 viesd
041 |a vie 
072 |a Khóa luận tốt nghiệp -Cử nhân địa lý 
082 |a 338.1  |b NG-K 
100 1 |a Nguyễn, Thúy Như Kiều 
245 1 |a Tìm hiểu tình hình chuyển dịch cơ cấu cây trồng đem lại hiệu quả kinh tế cao ở huyện Duy Xuyên(Quảng Nam) từ năm 1997 đến 2005.Định hướng phát triển đến năm 2010.  |c Nguyễn, Thúy Như Kiều 
260 |a Đại học Sư Phạm  |b Đại học Đà Nẵng  |c 2008 
300 |a 77 tr.  |b hình ảnh  |c 29 cm. 
500 |a Khóa luận tốt nghiệp 
520 |a Cơ sở lý luận chung ...Tình hình chuyển dịch cơ cấu cây trồng ở huyện Duy Xuyên (Quảng Nam) trong giai đoạn 1995- 2005...Định hướng phát triển các loại cây trồng đến năm 2010 và những biện pháp thực hiện... 
653 |a Quảng Nam 
700 |a Nguyễn, Duy Hòa  |c Người hướng dẫn  |e Th.S 
OWN |a LSP 
AVA |a UDN50  |b LSP  |d 338.1 NG-K  |e available  |t Error 5001 Not defined in file expand_doc_bib_avail.  |f 1  |g 0  |h N  |i 0  |k 1 
999 |a From the UDN01 
AVA |a UDN50  |b LSP  |d 338.1 NG-K  |e available  |t Error 5001 Not defined in file expand_doc_bib_avail.  |f 1  |g 0  |h N  |i 0  |k 1 
TYP |a Monograph 
TYP |a Printed language 
980 |a Mạng thư viện Đại học Đà Nẵng